000 00571cas a22001815 4500
001 L140183
008 070911c2007 xxk r p 0 a0eng u
035 _a(Sirsi) u140183
041 0 _aeng
110 2 _aRoyal Institution of Chartered Surveyors
_94900
245 0 0 _aWales news
_bThe bulletin of the RICS in Wales
260 3 _bRICS
_c2007-
362 0 _aSummer 2007-
554 _aQuarterly
651 4 _aWALES
856 4 8 _uhttps://www.rics.org/RICSWEB/getpage.aspx?p=_42PsV0O-kGxDiemuyLFCAA
_zFollow this link to view a description of this bulletin
942 _n0
999 _c119146
_d119146